Base de datos de editoriales (Record no. 193531)

MARC details
000 -LEADER
campo de control de longitud fija 01493nai a2200253 i 4500
001 - NÚMERO DE CONTROL
campo de control 193531
003 - IDENTIFICADOR DE NÚMERO DE CONTROL
campo de control ES-MaACL
005 - FECHA Y HORA DE LA ÚLTIMA TRANSACCIÓN
campo de control 20250825022145.0
008 - DATOS DE LONGITUD FIJA--INFORMACIÓN GENERAL
campo de control de longitud fija 240104s1972 sp ||||| |||| 00| 0 spa d
040 ## - FUENTE DE CATALOGACIÓN
Lengua de catalogación spa
Centro/agencia transcriptor ES-MaACL
080 ## - NÚMERO DE LA CLASIFICACIÓN DECIMAL UNIVERSAL
Identificador de la edición 01(460)(0.034)
245 00 - MENCIÓN DEL TÍTULO
Título Base de datos de editoriales
Medio [Recurso electrónico] /
Mención de responsabilidad, etc. Agencia Española del ISBN
260 ## - PUBLICACIÓN, DISTRIBUCIÓN, ETC.
Lugar de publicación, distribución, etc. Madrid :
Nombre del editor, distribuidor, etc. Dirección General del Libro, Archivos y Bibliotecas,
Fecha de publicación, distribución, etc. [1972]-
500 ## - NOTA GENERAL
Nota general Cobertura temporal: 1972-
520 ## - RESUMEN, ETC.
Sumario, etc. El Ministerio difunde en esta base de datos información de todas las editoriales españolas que están o han estado en activo desde 1972 hasta la actualidad en el sistema ISBN, así como autores-editores, entidades, empresas, etc. que publican esporádicamente. Los datos proceden de la Agencia Española del ISBN, gestionada por la Federación de Gremios de Editores de España, a quien se los proporciona el propio editor.
538 ## - NOTA DE DETALLES DEL SISTEMA
Nota de detalles del sistema Modo de acceso: World Wide Web
650 #4 - PUNTO DE ACCESO ADICIONAL DE MATERIA--TÉRMINO DE MATERIA
Término de materia o nombre geográfico como elemento de entrada Editoriales españolas
Subdivisión general Catálogos comerciales
Subdivisión de forma En línea
9 (RLIN) 234836
710 2# - ENTRADA AGREGADA--NOMBRE DE ENTIDAD CORPORATIVA
Nombre de entidad corporativa o nombre de jurisdicción como elemento de entrada Agencia Española del ISBN
9 (RLIN) 234835
710 1# - ENTRADA AGREGADA--NOMBRE DE ENTIDAD CORPORATIVA
Nombre de entidad corporativa o nombre de jurisdicción como elemento de entrada España.
Unidad subordinada Dirección General del Libro, Archivos y Bibliotecas
9 (RLIN) 174147
856 41 - LOCALIZACIÓN Y ACCESO ELECTRÓNICOS
Identificador Uniforme de Recursos <a href="https://www.cultura.gob.es/webISBN/editorialAvanzadaFilter.do?cache=init&layout=busquedaeditoriales&language=es">https://www.cultura.gob.es/webISBN/editorialAvanzadaFilter.do?cache=init&layout=busquedaeditoriales&language=es</a>
Nota pública Acceso al recurso electrónico
942 ## - ELEMENTOS DE ENTRADA SECUNDARIOS (KOHA)
Suprimir en OPAC No
Tipo de ítem Koha Base de datos

No items available.